000 00346nam a22001337a 4500
005 20251010140829.0
008 251010b |||||||| |||| 00| 0 eng d
020 _a9780140262520
_qpbk
041 _aeng
082 _a299.31
_bDAV
100 _aDavid Rosalie
245 _a Religion And Magic In Ancient Egypt
_c/Rosalie David
942 _cENGLISH
999 _c591452
_d591452